Los intelectuales y los dilemas políticos en el siglo XX / (Record no. 31782)

MARC details
000 -CABECERA
campo de control de longitud fija 00695nam a2200217 a 4500
005 - FECHA Y HORA DE LA ÚLTIMA TRANSACCIÓN
campo de control 20240925064714.0
008 - ELEMENTOS DE LONGITUD FIJA--INFORMACIÓN GENERAL
campo de control de longitud fija 991125s1997 mx 000 0 spa u
020 ## - NÚMERO INTERNACIONAL NORMALIZADO PARA LIBROS
Número Internacional Estándar del Libro 968739116X (v.1)
020 ## - NÚMERO INTERNACIONAL NORMALIZADO PARA LIBROS
Número Internacional Estándar del Libro 968739117X (v.2)
035 ## - NÚMERO DE CONTROL DEL SISTEMA
Número de control de sistema UPN01000031782
049 ## - COLECCIÓN
Colección CG
050 #4 - SIGNATURA TOPOGRÁFICA DE LA BIBLIOTECA DEL CONGRESO
Número de clasificación HM213
Número de documento/Ítem I58
245 14 - MENCIÓN DE TÍTULO
Título Los intelectuales y los dilemas políticos en el siglo XX /
Mención de responsabilidad, etc. comp. Laura Baca Olamendí.
260 ## - PUBLICACIÓN, DISTRIBUCIÓN, ETC.
Lugar de publicación, distribución, etc. México :
Nombre del editor, distribuidor, etc. FLACSO :
-- Triana,
Fecha de publicación, distribución, etc. 1997.
300 ## - DESCRIPCIÓN FÍSICA
Extensión 2 v.
650 #4 - ASIENTO SECUNDARIO DE MATERIA - TERMINO TEMATICO
Término de materia o nombre geográfico como elemento de entrada INTELECTUALES -
Subdivisión geográfica AMERICA LATINA
9 (RLIN) 5358
650 #4 - ASIENTO SECUNDARIO DE MATERIA - TERMINO TEMATICO
Término de materia o nombre geográfico como elemento de entrada INTELECTUALES -
Subdivisión general HISTORIA -
Subdivisión cronológica SIGLO XX
9 (RLIN) 11257
650 #4 - ASIENTO SECUNDARIO DE MATERIA - TERMINO TEMATICO
Término de materia o nombre geográfico como elemento de entrada Poder (Ciencias sociales)
9 (RLIN) 1203
700 1# - ASIENTO SECUNDARIO--NOMBRE DE PERSONAL
Nombre de persona Baca Olamendi, Laura,
Término indicativo de función/relación comp.
9 (RLIN) 29104
905 ## - TIPO DE MATERIAL
Tipo de material Libro
Holdings
Estado de retiro Estado de pérdida Fuente del sistema de clasificación o colocación Estado dañado No para préstamo Código de colección Localización permanente Ubicación/localización actual Ubicación en estantería Fecha de adquisición Enumeración/cronología de publicación seriada Clasificación Código de barras Fecha visto por última vez Tipo de ítem Koha Nota pública Total de préstamos Número de copia
    Library of Congress Classification     Colección General Bib. Gregorio Torres Quintero Bib. Gregorio Torres Quintero Planta baja 06/09/2024 v.1 HM213 I58 148379 31/12/2020 Libro Ejemplar con sello del Sistema de Bibliotecas para la Formación y Actualización Docentes    
    Library of Congress Classification     Colección General Bib. Gregorio Torres Quintero Bib. Gregorio Torres Quintero Planta baja   v.2 HM213 I58 148380 31/12/2020 Libro   2 1
    Library of Congress Classification   Disponible (Préstamo en sala) UNESCO Bib. Gregorio Torres Quintero Bib. Gregorio Torres Quintero Colecciones especiales Planta alta 10/09/2024 v.1 HM213 I58 U2436 31/12/2020 Libro      
    Library of Congress Classification     Colección General Bib. Gregorio Torres Quintero Bib. Gregorio Torres Quintero Planta baja   v.2 HM213 I58 247499 31/12/2020 Libro   2 1
    Library of Congress Classification     Colección General Bib. Gregorio Torres Quintero Bib. Gregorio Torres Quintero Planta baja   v.1 HM213 I58 247498 31/12/2020 Libro   1 1
    Library of Congress Classification   Disponible (Préstamo en sala) UNESCO Bib. Gregorio Torres Quintero Bib. Gregorio Torres Quintero Colecciones especiales Planta alta 10/09/2024 v.2 HM213 I58 U2437 31/12/2020 Libro